Word Ladder: Jumpman Sneakers Quiz Stats

 Plays Quiz Updated Aug 26, 2019

Score 0/11 Timer 01:00
3 Plays Today
Clue 3-Letter Word % Correct
Point a weaponAIM
93.6%
Basketball net holderRIM
93%
Chest boneRIB
90.1%
• Collection of gases in the atmosphere •• AIR •
89.1%
Take unlawfullyROB
84.7%
Glass containerJAR
84.6%
Shade of brownTAN
83.2%
• Aykroyd or Quayle, e.g. •• DAN •
83.1%
Cigarette gunkTAR
82.9%
Biblical suffererJOB
78%
• Father of Superman, _____-El •• JOR •
73.7%

Today's Daily Dose

You're not logged in!

Compare scores with friends on all Sporcle quizzes.
OR
Log In

Sporcle TV

Today on Sporcle TV


Watch our educational content, quiz creation guides, and fun videos on Sporcle TV.

Show Comments

Extras

Top Quizzes Today


Score Distribution

Your Account Isn't Verified!

In order to create a playlist on Sporcle, you need to verify the email address you used during registration. Go to your Sporcle Settings to finish the process.

Report this User

Report this user for behavior that violates our Community Guidelines.

Details: